L'eredità cristocentrica di Don Alberione (Record n. 98320)

Dettagli MARC
000 -LEADER
fixed length control field 00965nam a22001817a 4500
003 - CONTROL NUMBER IDENTIFIER
control field IT-RoPau
005 - DATE AND TIME OF LATEST TRANSACTION
control field 20220918181103.0
008 - FIXED-LENGTH DATA ELEMENTS--GENERAL INFORMATION
fixed length control field 130405b xxu||||| |||| 00| 0 eng d
040 ## - CATALOGING SOURCE
Transcribing agency IT-RoPau
100 ## - MAIN ENTRY--PERSONAL NAME
Personal name Autori vari
9 (RLIN) 90
245 ## - TITLE STATEMENT
Title L'eredità cristocentrica di Don Alberione
Remainder of title Atti del Seminario internazionale sulla Spiritualità della Famiglia Paolina Ariccia, 16- 27 settembre 1984
250 ## - EDITION STATEMENT
Edition statement 1° ed
260 ## - PUBLICATION, DISTRIBUTION, ETC. (IMPRINT)
Place of publication, distribution, etc. Borgo San Dalmazzo (Udine)
Name of publisher, distributor, etc. SSP
Date of publication, distribution, etc. 1989
300 ## - PHYSICAL DESCRIPTION
Extent 573 pp.
Dimensions 21,5 cm
490 ## - SERIES STATEMENT
Series statement Edizioni Paoline
520 ## - SUMMARY, ETC.
Summary, etc. Indice generale<br/><br/>Presentazione<br/>Sigle<br/>Introduzione all'incontro di studio sulla Spiritualità della Famiglia Paolina, di renato Perino<br/>- I nostri obiettivi<br/>- I temi<br/>- L'iter dei lavori<br/>- Un augurio<br/><br/>Parte prima<br/>Contestualizzazione della vita e dell'opera di Don Don Giacomo Alberione<br/>Parte seconda<br/>Il Cristo Via, Verità e Vita Centro della visione alberoniana<br/>Parte terza<br/>Conclusione e prospettive<br/>
942 ## - ADDED ENTRY ELEMENTS (KOHA)
Source of classification or shelving scheme Dewey Decimal Classification
Koha item type LIBRO
Dati di copia
Withdrawn status Lost status Source of classification or shelving scheme Damaged status Not for loan Home library Current library Date acquired Total Checkouts Full call number Date last seen Price effective from Koha item type
    Dewey Decimal Classification Buone Condizioni Not For Loan PAULUS-BIBLIOTECA PAULUS-BIBLIOTECA 05/04/2013   P C5 05/04/2013 05/04/2013 LIBRO
    Dewey Decimal Classification Buone Condizioni Not For Loan PAULUS-BIBLIOTECA PAULUS-BIBLIOTECA 05/04/2013   P C5 05/04/2013 05/04/2013 LIBRO
    Dewey Decimal Classification Buone Condizioni Not For Loan PAULUS-BIBLIOTECA PAULUS-BIBLIOTECA 05/04/2013   P C5 05/04/2013 05/04/2013 LIBRO
CREDITS: SOCIETA' SAN PAOLO Via A.Severo, 58 - ROMA (RM) & PERIODICI SAN PAOLO SRL Via Giotto, 36 MILANO & CISF Via Giotto, 36 MILANO & EDIZIONI SAN PAOLO SRL,  Piazza Soncino, 5 CINISELLO BALSAMO (MI) -- ITALY